Lịch sử văn minh thế giới
Sách cung cấp những kiến thức cơ bản về quá trình ra đời và phát triển của các nền văn minh tiêu biểu trong lịch sử loài người: Những nền văn minh thời cổ trung đại Đông phương (Ai Cập, Lưàng Hà, ấn Độ, Trung Hoa, Đông Nam á) và Tây phưo...
Đã lưu trong:
| Hovedforfatter: | |
|---|---|
| Format: | Bog |
| Sprog: | Undetermined |
| Udgivet: |
Hà Nội
Giáo Dục
1998
|
| Fag: | |
| Tags: |
Tilføj Tag
Ingen Tags, Vær først til at tagge denne postø!
|
| Thư viện lưu trữ: | Trung tâm Học liệu Trường Đại học Cần Thơ |
|---|
| LEADER | 00998nam a2200181Ia 4500 | ||
|---|---|---|---|
| 001 | CTU_37292 | ||
| 008 | 210402s9999 xx 000 0 und d | ||
| 082 | |a 909 | ||
| 082 | |b N312 | ||
| 100 | |a Vũ, Dương Ninh | ||
| 245 | 0 | |a Lịch sử văn minh thế giới | |
| 245 | 0 | |c Vũ Dương Ninh | |
| 260 | |a Hà Nội | ||
| 260 | |b Giáo Dục | ||
| 260 | |c 1998 | ||
| 520 | |a Sách cung cấp những kiến thức cơ bản về quá trình ra đời và phát triển của các nền văn minh tiêu biểu trong lịch sử loài người: Những nền văn minh thời cổ trung đại Đông phương (Ai Cập, Lưàng Hà, ấn Độ, Trung Hoa, Đông Nam á) và Tây phương (Hy Lạp, La Mã, các nước Tây Âu), những nền văn minh công nghiệp thời cận hiện đại. | ||
| 650 | |a civilization,world history | ||
| 980 | |a Trung tâm Học liệu Trường Đại học Cần Thơ | ||